000 00286nam a2200121Ia 4500
008 190216s9999||||xx |||||||||||||| ||und||
100 _aPanangadu P.K. Thankappan Pillai
245 0 _aKarakkam
260 _bV K S Publishers
_c1985
300 _a52p
650 _aKavithkal
942 _cBK
999 _c25647
_d25647